Los 25 mejores / (Registro nro. 7842)

Detalles MARC
000 -LIDER
fixed length control field 01522nam a2200325 a 4500
001 - NÚMERO DE CONTROL
Identificador de número de control 000034370
003 - IDENTIFICACDOR DE NÚMERO DE CONTROL
control field DO-SdBNP
005 - DATE AND TIME OF LATEST TRANSACTION
control field 20180214083259.0
007 - CAMPOS FIJOS DE DESCRIPCIÓN FÍSICA
fixed length control field 000034370
008 - ELEMENTOS DE LONGITUD FIJA
fixed length control field 111004s2008 dr ac 001 0cspa d
040 ## - FUENTE DE CATALOGACIÓN
Agencia que crea de manera original el registro BPMET
Idioma de catalogación spa
Agencia que realiza la transcripción BPMET
092 ## - LOCALLY ASSIGNED DEWEY DECIMAL CALL NUMBER
Número de clasificación 796.357092
Número de ítem (Cutter) M671v
100 1# - ASIENTO PRINCIPAL -- NOMBRE PERSONAL
Nombre personal Mirabal, Franklin
245 14 - MENCIÓN DE TITULO
Título Los 25 mejores /
Mención de responsabilidad Franklin Mirabal ; prólogo Cuqui Córdova.
246 14 - VARIACION DEL TÍTULO
Título propiamente dicho o título corto Los veinticinco mejores
260 ## - PUBLICACIÓN, DISTRIBUCIÓN, ETC. (PIE DE IMPRENTA)
Lugar de publicación, distribución, etc Santo Domingo :
Nombre del editor, distribuidor, etc. Corripio,
Fecha de publicación, distribución, etc 2008.
300 ## - DESCRIPCIÓN FÍSICA
Extensión 103 p. :
Otros detalles físicos il., retrs. ;
Dimensiones 24 cm.
505 0# - NOTA DE CONTENIDO
Información miscelánea Prólogo /
Mención de responsabilidad Cuqui Córdova --
Título Miguel Diloné --
-- Luis Polonia --
-- Manuel Mota --
-- Felipe Alou --
-- Ricardo Carty --
-- Guayubín Olivo --
-- Juan Marichal --
-- Danilo Rivas --
-- Tony Peña --
-- Mateo Alou --
-- Jesús Alou --
-- El Gallo Batista --
-- Chichí Olivo --
-- Pedro González --
-- Mario Soto --
-- Joaquín Andújar --
-- Silvano Quesada --
-- Arturo Peña --
-- Stanley Javier --
-- César Gerónimo --
-- Rafael Landestoy --
-- Pedro Borbón --
-- Chilote Llenas --
-- Félix José --
-- Mendy López.
650 #4 - ENCABEZAMIENTO DE MATERIA--TEMÁTICO
Término temático o nombre geográfico como elemento de entrada JUGADORES DE BEISBOL
Subdivisión temática general BIOGRAFÍAS
650 #4 - ENCABEZAMIENTO DE MATERIA--TEMÁTICO
Término temático o nombre geográfico como elemento de entrada BEISBOL
Subdivisión geográfica REPÚBLICA DOMINICANA
700 1# - ASIENTO SECUNDARIO -- NOMBRE PERSONAL
Nombre personal Córdova, Cuqui,
Mención de responsabilidad pról.
910 ## - VALIDACIÓN
Validación Validado. Control de calidad EMS
930 #1 - EQUIVALENCE OR CROSS-REFERENCE-UNIFORM TITLE HEADING [LOCAL, CANADA]
Language of a work BND01
Medium of performance for music LF1
Field link and sequence number 20140714
Date of a work 04
Name of part/section of a work HD
Miscellaneous information 45562
942 ## - ADDED ENTRY ELEMENTS (KOHA)
Source of classification or shelving scheme Dewey Decimal Classification
Koha item type Libros
945 ## - INFORMACIÓN DE PROCESAMIENTO LOCAL
Información de procesamiento local inventariado, 2018 / dg
956 ## - LOCAL ELECTRONIC LOCATION AND ACCESS (OCLC)
Nombre de host DGARCIA
Número de acceso 10
Información de compresión 20111004
Inicio de sesión BND01
Procesador de solicitud 0818
956 ## - LOCAL ELECTRONIC LOCATION AND ACCESS (OCLC)
Nombre de host VMATEO
Número de acceso 10
Información de compresión 20111006
Inicio de sesión BND01
Procesador de solicitud 1402
956 ## - LOCAL ELECTRONIC LOCATION AND ACCESS (OCLC)
Nombre de host EMARRERO
Número de acceso 40
Información de compresión 20120501
Inicio de sesión BND01
Procesador de solicitud 1956
956 ## - LOCAL ELECTRONIC LOCATION AND ACCESS (OCLC)
Nombre de host VMATEO
Número de acceso 10
Información de compresión 20150511
Inicio de sesión BMET02
Procesador de solicitud 00151
Existencias
Withdrawn status Lost status Source of classification or shelving scheme Damaged status Not for loan Home library Current library Date acquired Total Checkouts Barcode Date last seen Price effective from Koha item type
    Dewey Decimal Classification     Biblioteca Pública Metropolitana Salomé Ureña Biblioteca Pública Metropolitana Salomé Ureña 05/11/2015   BPMSU15051646 05/11/2015 05/11/2015 Libros